[Event "SVK ECo-C Extraliga 2018-19"]
[Site "Slovakia"]
[Date "2019.02.17"]
[Round "6.2"]
[White "Repka, Christopher"]
[Black "Banusz, Tamas"]
[Result "0-1"]
[WhiteElo "2499"]
[BlackElo "2612"]
[Annotator "TA"]
[PlyCount "60"]
[EventDate "2018.11.10"]
[EventType "team-tourn"]
[EventCountry "SVK"]
[SourceTitle "playchess.com"]
[Source "ChessBase"]
[SourceQuality "1"]
[WhiteTeam "Zilina"]
[BlackTeam "Slovan"]

{[%evp 13,60,29,27,21,24,0,18,7,17,3,18,15,11,28,16,21,21,18,25,18,27,12,19,22,22,12,18,0,0,0,0,0,6,6,18,18,72,53,54,52,87,-524,-516,-29981,-29982,-29985,-29986,-29986,-29987]} 1. d4 d5 2. c4 c6 3. Nf3 Nf6 4. e3 Bf5 5. Nc3 e6 6. Nh4 Bg6 7. Nxg6 hxg6 8. g3 {D12: Slav Defence: 3 Nf3 Nf6 4 e3 Bf5} Nbd7 9. Qe2 dxc4 10. Qxc4 {The position is equal.} e5 11. Bg2 exd4 $146 ({Predecessor:} 11... Nb6 12. Qe2 exd4 13. exd4+ Be7 14. O-O O-O 15. Bg5 Re8 {½-½ (28) Gledura,B (2621)-Cori Tello,J (2664) Saint Louis 2018}) 12. exd4 Qe7+ 13. Be3 Ng4 14. Qe2 Nxe3 15. fxe3 O-O-O 16. O-O Nf6 17. Rac1 Kb8 18. b4 Nd5 ({But not} 18... Qxb4 19. Bxc6 $1 {[%mdl 512]} Rc8 20. Rb1 $16 (20. Nd5 Qa3 $11)) 19. Nxd5 cxd5 20. Rc3 Qe6 21. Rfc1 Be7 22. Rc7 {aiming for Qb5.} Bg5 23. R1c3 $40 {[%mdl 128] White attacks.} a6 {Hoping for ...Rhe8.} 24. b5 {[%cal Bb4b5,Bb5b6][%mdl 32]} a5 (24... Rhe8 $11 25. e4 Rc8 26. Rxc8+ Rxc8 27. Rxc8+ Qxc8) 25. h4 Be7 26. b6 {Black must now prevent Bf1.} Bb4 {[#]} 27. R3c6 $2 {[%mdl 8192]} (27. Rb3 $1 $16 {keeps the pressure on.}) 27... bxc6 $19 28. Qa6 (28. Ra7 $19 Rd7 29. Qa6 Qxe3+ {[%mdl 64] Double Attack} 30. Kh2 Rxh4+ 31. gxh4 Bd6+ 32. Kh1 Qe1+ {[%mdl 64] Double Attack} 33. Qf1 Qxh4+ 34. Bh3 Rxa7 35. bxa7+ Ka8 36. Qf3) 28... Qxe3+ {[%mdl 64] Double Attack. Black mates.} 29. Kh1 Qe1+ 30. Bf1 {[#]} Rxh4+ $1 {Accuracy: White = 55%, Black = 57%.} 0-1

[Event "SVK ECo-C Extraliga 2018-19"]
[Site "Slovakia"]
[Date "2019.02.17"]
[Round "6.2"]
[White "Hrabusa, Matej"]
[Black "Petenyi, Tamas"]
[Result "1/2-1/2"]
[WhiteElo "2405"]
[BlackElo "2428"]
[Annotator "TA"]
[PlyCount "30"]
[EventDate "2018.11.10"]
[EventType "team-tourn"]
[EventCountry "SVK"]
[SourceTitle "playchess.com"]
[Source "ChessBase"]
[SourceQuality "1"]
[WhiteTeam "Liptovska"]
[BlackTeam "Streda"]

{[%evp 9,30,19,42,38,31,16,66,40,39,46,85,68,91,36,30,0,0,-8,-6,-5,-7,0,1]} 1. d4 Nf6 2. Bf4 d6 3. Nc3 (3. Nf3 g6 4. Nc3 Bg7 5. e4 O-O 6. Qd2 c6 7. h3 b5 8. Bd3 Bb7 9. O-O b4 10. Ne2 c5 11. dxc5 Nxe4 12. Bxe4 Bxe4 13. Ng5 Bf5 14. cxd6 Nc6 {½-½ (43) Van Foreest,J (2614)-Guseinov,G (2664) St Petersburg 2018}) 3... Bf5 4. e3 Nbd7 5. Nf3 a6 6. h3 $146 {A45: Trompowsky Attack} ({Predecessor:} 6. Be2 c5 7. Nh4 Bg6 8. Nxg6 hxg6 9. d5 b5 10. a3 Nb6 {½-½ (44) Do Prado,H (1655)-Cabral Mesquita,J (1754) Foz do Iguacu 2018}) 6... c5 7. Nh4 Bg6 8. Nxg6 {White is slightly better.} hxg6 9. d5 Qc7 10. a4 Nh7 11. Bg3 ({White should try} 11. h4 $16) 11... g5 $14 12. h4 gxh4 {The position is equal.} 13. Rxh4 g6 14. Ne4 Bg7 15. c3 O-O-O {Precision: White = 59%, Black = 66%.} 1/2-1/2

[Event "SVK ECo-C Extraliga 2018-19"]
[Site "Slovakia"]
[Date "2019.02.17"]
[Round "6.3"]
[White "Antal, Gergely"]
[Black "Kociscak, Jiri"]
[Result "1/2-1/2"]
[WhiteElo "2553"]
[BlackElo "2484"]
[Annotator "TA"]
[PlyCount "81"]
[EventDate "2018.11.10"]
[EventType "team-tourn"]
[EventCountry "SVK"]
[SourceTitle "playchess.com"]
[Source "ChessBase"]
[SourceQuality "1"]
[WhiteTeam "Slovan"]
[BlackTeam "Zilina"]

{[%evp 16,81,18,2,29,22,7,19,12,10,0,0,0,-29,-44,-207,-213,-218,-32,-140,266,255,373,376,395,384,432,424,443,444,370,8,8,8,6,6,8,0,0,0,0,0,0,0,33,37,33,0,8,2,2,2,2,5,8,8,62,0,8,0,0,0,0,0,0,0,0,0]} 1. Nf3 d5 2. d4 e6 3. Bf4 c5 4. e3 Nc6 5. c3 Nf6 6. Nbd2 Bd6 7. Bg3 Bxg3 8. hxg3 Qd6 9. Bd3 e5 {D02: 1 d4 d5 2 Nf3 sidelines, including 2...Nf6 3 g3 and 2...Nf6 3 Bf4} 10. dxe5 Nxe5 11. Nxe5 Qxe5 12. Qa4+ Bd7 13. Qf4 Qe7 {[#]} 14. Qg5 $146 ({Predecessor:} 14. O-O-O O-O-O 15. e4 dxe4 16. Nxe4 Nxe4 17. Bxe4 {0-1 (43) Grachev,B (2684)-Potkin,V (2606) Ulan Ude 2009}) 14... O-O-O 15. Qxg7 $2 (15. Qf4 $15) 15... Ng4 $1 $19 {And now ...Rdg8 would win.} 16. Rxh7 Nxe3 $2 (16... Rxh7 $19 17. Bxh7 (17. Qxh7 $2 {loses.} Qf6 $19) 17... Nxe3 $1 {[%mdl 512]} 18. fxe3 Qxe3+ 19. Kf1 Bb5+ 20. c4 dxc4 21. Bf5+ (21. Qg4+ $2 Kc7 $19) 21... Kc7) 17. Qxh8 (17. fxe3 $15 Qxe3+ 18. Be2 Rxh7 19. Qxh7) 17... Nc2+ $2 {[%mdl 8192]} (17... Rxh8 $17 {stays on course.} 18. Rxh8+ Kc7 19. fxe3 Qxe3+ 20. Be2 d4) 18. Kf1 $18 Nxa1 (18... Rxh8 {was worth a try.} 19. Rxh8+ Kc7) 19. Qg7 c4 {[#]} 20. Bb1 $1 Re8 {[%csl Ge8][%cal Re7e1]} 21. Kg1 Qe1+ 22. Kh2 Qxf2 {[#]} 23. Qxf7 $2 ({White must play} 23. Nf3 $1 $18 Re2 24. Nh4) 23... Qxf7 $11 24. Rxf7 Re2 25. Nf3 Rxb2 26. Bh7 Re2 27. Nd4 Rxa2 28. Bf5 Bxf5 29. Nxf5 {[%mdl 4096] Endgame KRN-KRN} Nc2 30. g4 {Black must now prevent g5.} Ne1 31. Nd6+ Kd8 32. Nxb7+ Ke8 33. Nd6+ Kd8 34. Kh3 d4 35. Nb7+ Ke8 (35... Kc8 $1 $11) 36. Nd6+ (36. Rf4 $14) 36... Kd8 {Threatening ...Ra6.The position is equal.} 37. cxd4 c3 {aiming for ...Rb2.} 38. Nb7+ Kc8 {Threatens to win with ...Rb2.} 39. Nd6+ Kd8 {Hoping for ...Rb2.} 40. Nb7+ Kc8 {...Rb2 is the strong threat.} 41. Nd6+ {Accuracy: White = 44%, Black = 50%.} 1/2-1/2

[Event "SVK ECo-C Extraliga 2018-19"]
[Site "Slovakia"]
[Date "2019.02.17"]
[Round "6.3"]
[White "Nemeth, Miklos"]
[Black "Rojicek, Vojtech"]
[Result "1-0"]
[WhiteElo "2483"]
[BlackElo "2389"]
[Annotator "TA"]
[PlyCount "63"]
[EventDate "2018.11.10"]
[EventType "team-tourn"]
[EventCountry "SVK"]
[SourceTitle "playchess.com"]
[Source "ChessBase"]
[SourceQuality "1"]
[WhiteTeam "Streda"]
[BlackTeam "Liptovska"]

{[%evp 21,63,-10,0,-15,-11,2,5,5,5,0,0,-98,-87,-158,-152,-157,-155,-154,-150,-151,-152,-181,-116,-159,-85,-108,12,10,203,200,200,185,202,200,166,180,268,259,249,252,269,266,906,900]} 1. e4 e6 2. d4 d5 3. Nd2 c5 4. exd5 Qxd5 5. Ngf3 cxd4 6. Bc4 Qd6 7. Qe2 Nf6 8. Nb3 Nc6 9. Bg5 a6 10. O-O-O b5 11. Bd3 Be7 {[#]} 12. Nbxd4 $1 {[%mdl 512] C07: French Tarrasch: 3...c5, 4 Ngf3 and 4 exd5 Qxd5} Nxd4 13. Nxd4 {Strongly threatening Nf5!} Qd5 {[%mdl 64] Double Attack} 14. f4 {[%cal Rd4b5] The position is equal.} Qxa2 {White must now prevent ...Qa1+.} 15. c3 Bd7 16. Bb1 {[#]} (16. f5 $1 $11 {was the only way to keep the balance.}) 16... Qa5 $1 $17 {[#]} 17. Bxf6 $146 (17. Rhe1 $142 Rc8 18. Qd3) ({Predecessor:} 17. Qe5 O-O 18. Nb3 Qa4 {½-½ (18) Akopian,V (2706)-Roiz,M (2590) Sochi 2006}) 17... Bxf6 18. Nf5 Qc7 19. Nd6+ Kf8 20. Rd2 b4 21. c4 Rd8 (21... Ba4 $19 22. g3 Be7) 22. Bc2 {[#]} Bc6 ({Black should play} 22... Rb8 $1 23. Rhd1 b3) 23. Rhd1 Be7 (23... h5 $17 24. Qf2 Ba8) 24. Qe5 $1 $40 {[%mdl 128] next Nf5 is good for White. White mounts an attack.} Bxd6 $2 (24... Rd7 $11) 25. Rxd6 $18 Rxd6 26. Qxd6+ Qxd6 27. Rxd6 $11 {KRB-KRB} Be8 28. Rxa6 g5 (28... h6 $142 29. c5 g5) 29. fxg5 $18 h6 30. g6 $1 Rg8 31. Ra8 {Hoping for Ba4.} fxg6 $2 (31... Kg7 32. gxf7 Bxf7) 32. Ba4 {Accuracy: White = 80%, Black = 42%.} 1-0

[Event "SVK ECo-C Extraliga 2018-19"]
[Site "Slovakia"]
[Date "2019.02.17"]
[Round "6.3"]
[White "Jablonicky, Martin"]
[Black "Horvath, Csaba"]
[Result "0-1"]
[WhiteElo "2318"]
[BlackElo "2510"]
[Annotator "TA"]
[PlyCount "88"]
[EventDate "2018.11.10"]
[EventType "team-tourn"]
[EventCountry "SVK"]
[SourceTitle "playchess.com"]
[Source "ChessBase"]
[SourceQuality "1"]
[WhiteTeam "Osuske"]
[BlackTeam "Podhajska"]

{[%evp 9,88,17,14,6,20,8,58,0,5,-18,0,-22,-18,-20,-21,-22,32,12,13,-22,0,-16,-24,-17,0,0,0,-18,0,-12,-34,-133,-28,-22,0,0,25,34,60,70,72,-2,-4,-4,0,0,0,-160,-156,-151,-164,-152,-35,-37,-64,-37,-69,-51,0,0,0,-265,-269,-266,-289,-325,-306,-461,-446,-418,-409,-542,-542,-543,-525,-533,-535,-607,-576,-1589,-1449]} 1. e4 c5 2. Nf3 e6 3. Nc3 a6 4. Be2 b5 5. O-O Bb7 6. d4 {B40: Sicilian: 2...e6, Unusual lines} cxd4 7. Nxd4 Ne7 8. Bf3 (8. a3 $14) 8... Nbc6 $11 9. Nxc6 Nxc6 10. e5 Qc7 11. Bf4 $146 ({Predecessor:} 11. Re1 b4 12. Bxc6 Bxc6 13. Nb1 Be7 14. a3 a5 15. axb4 axb4 16. Rxa8+ Bxa8 {0-1 (24) Chumfwa,S (2317)-Bacrot,E (2720) Tromsoe 2014}) 11... f6 12. Re1 O-O-O ({Black should play} 12... fxe5 $11 13. Bxe5 Nxe5 14. Bxb7 Qxb7 15. Rxe5 Be7) 13. Ne4 fxe5 14. Bg5 Re8 15. Bh5 g6 16. Bg4 h6 17. Bf6 Rh7 18. a4 b4 19. Bh4 {With the idea Nf6.} Rf7 20. Qd3 (20. c3 $15) 20... Kb8 ({Better is} 20... Rf4 $17 21. Nf6 Re7 22. Qxg6 Rg7) 21. c3 $1 Rc8 22. Bg3 h5 23. Ng5 Rg7 24. Bf3 Be7 25. Bxc6 (25. Qe3 $16) 25... Qxc6 {[%csl Gb7][%cal Rc6g2][%mdl 64] Double Attack} 26. f3 $1 d6 $36 {[%mdl 2048] Black has some pressure.} 27. Nxe6 Rf7 {...Qd5 is the strong threat.} 28. cxb4 $2 {[#]} (28. Qe3 $11 Qd5 29. Bf2) 28... Qd5 $1 $17 {[%cal Rd5d3]} 29. Qxd5 Bxd5 {[%mdl 64] Trapped Piece} 30. Nc5 h4 (30... dxc5 $17 31. Rxe5 h4) 31. Nxa6+ $15 Kb7 32. Bf2 {Hoping for b5.} Kxa6 33. b5+ Ka5 (33... Kb7 $15 34. h3 Ka8) 34. Reb1 {[%cal Rb2b4]} (34. b4+ $5 Kxb4 35. Red1 $15) 34... Kb4 $1 {And now ...h3! would win.} 35. Ra3 $2 {[%mdl 8192]} (35. Rd1 $1 $11 Be6 36. Be1+ Kb3 37. Bc3) 35... Rc2 $19 36. Be1+ Kc4 37. b3+ Kc5 38. b4+ (38. Raa1 $142) 38... Kc4 39. Rbb3 {[#]} h3 $1 40. Rc3+ (40. gxh3 Bf6) 40... Rxc3 {Black is clearly winning.} 41. Rxc3+ Kxb4 42. Rd3+ Kc5 43. a5 Bc4 44. a6 Bxd3 {Accuracy: White = 40%, Black = 51%.} 0-1

[Event "SVK ECo-C Extraliga 2018-19"]
[Site "Slovakia"]
[Date "2019.02.17"]
[Round "6.4"]
[White "Petrik, Tomas"]
[Black "Ftacnik, Lubomir"]
[Result "0-1"]
[WhiteElo "2466"]
[BlackElo "2512"]
[Annotator "TA"]
[PlyCount "78"]
[EventDate "2018.11.10"]
[EventType "team-tourn"]
[EventCountry "SVK"]
[SourceTitle "playchess.com"]
[Source "ChessBase"]
[SourceQuality "1"]
[WhiteTeam "Zilina"]
[BlackTeam "Slovan"]

{[%evp 11,78,0,27,0,-1,0,-14,0,0,-6,0,-10,-8,-8,0,0,0,-17,-8,-56,-12,-4,-18,-33,-27,-89,-50,-43,-49,-50,-47,-47,-71,-36,-35,-42,-33,-103,-88,-120,-124,-127,-118,-138,-136,-122,-110,-124,-122,-137,-135,-145,-136,-157,-139,-145,-131,-203,-191,-193,-193,-428,-433,-829,-812,-1799,-1742,-1733,-1727]} 1. e4 c5 2. Nf3 d6 3. d4 cxd4 4. Nxd4 Nf6 5. Nc3 a6 6. a4 e6 7. a5 {B90: Sicilian Najdorf: Unusual White 6th moves, 6 Be3 Ng4 and 6 Be3 e5} Nc6 (7... Be7 8. Be2 O-O 9. O-O Bd7 10. Be3 Nc6 11. Nb3 Rc8 12. f3 Ne5 13. Bb6 Qe8 14. Kh1 Bc6 15. Bd4 Ned7 16. Qd2 Qd8 17. Na4 e5 18. Bb6 Qe8 19. Bf2 {0-1 (52) Kamsky,G (2666)-Fedoseev,V (2719) St Petersburg 2018}) 8. Nb3 d5 $146 ({Predecessor:} 8... Be7 9. Be3 Bd7 10. Be2 Ne5 11. O-O Bc6 12. f4 Ned7 13. Bf3 O-O 14. Nd4 Qc7 {1-0 (30) Barbosa,E (2517)-Bueno,V (1769) Caioba 2017}) 9. exd5 {The position is equal.} exd5 10. Bd3 Bg4 11. f3 Be6 12. Be3 Bb4 {[%cal Rc6a5]} ({Much weaker is} 12... d4 $6 13. Nxd4 $1 {[%mdl 512]} Nxd4 14. Bxd4 $16) 13. Bb6 Qb8 14. Ra4 Nd7 15. Be3 O-O 16. O-O Re8 17. Kh1 Nde5 18. Ne2 (18. Bb6 $11) 18... Bd7 (18... Bd6 {looks sharper.} 19. Rh4 Nxd3 20. Qxd3 h6 21. Bf4 Qd8) 19. Bc5 Nxd3 20. cxd3 {[#]} Bxa5 $1 {[%mdl 512]} 21. Nxa5 (21. Rxa5 Nxa5) 21... Nxa5 22. Rxa5 {Hoping for Bf2.} b6 23. Bxb6 $1 Qxb6 {[%mdl 64] Double Attack} 24. Ra2 ({Better is} 24. Rxd5 $15 Bc6 25. Rd6) 24... d4 $17 25. Qd2 Re3 26. Ng3 Rae8 27. Ra3 Qg6 28. Qb4 Rxd3 29. Ne4 Bb5 {...Rxa3 is the strong threat.} 30. Rxd3 Bxd3 31. Re1 {[#] White threatens Nf6+! and mate.} Bb5 $1 ({But not} 31... Bxe4 $6 32. Rxe4 Qc6 33. Rxe8+ Qxe8 34. Qxd4 $11) 32. Rc1 Qh6 $40 {[%mdl 128] Black wants a kill.} 33. Rd1 Be2 34. Re1 {[#]} (34. Ra1 $17 {was necessary.}) 34... d3 $1 $19 35. Qd4 Rc8 36. Nc3 $2 (36. Qd7 Qc6 37. Qd4) 36... Qd2 $1 {[%csl LRb2,LRe1] Black is clearly winning.} 37. Rg1 (37. Qg1 $142 Qxb2 38. Nxe2 dxe2 39. Qe3) 37... Qxb2 38. Rb1 Qc2 39. h3 h6 {Accuracy: White = 44%, Black = 74%.} 0-1

[Event "SVK ECo-C Extraliga 2018-19"]
[Site "Slovakia"]
[Date "2019.02.17"]
[Round "6.4"]
[White "Likavsky, Tomas"]
[Black "Berezjuk, Sergej"]
[Result "1-0"]
[WhiteElo "2423"]
[BlackElo "2421"]
[Annotator "TA"]
[PlyCount "83"]
[EventDate "2018.11.10"]
[EventType "team-tourn"]
[EventCountry "SVK"]
[SourceTitle "playchess.com"]
[Source "ChessBase"]
[SourceQuality "1"]
[WhiteTeam "Podhajska"]
[BlackTeam "Osuske"]

{[%evp 24,83,27,18,20,17,19,23,45,45,45,41,41,42,77,52,87,89,140,145,234,232,358,294,270,122,125,125,123,120,151,157,160,121,144,135,187,180,160,189,389,389,389,389,389,389,482,478,618,612,633,590,798,821,797,787,1067,1062,1056,1041,1033,1029]} 1. d4 d5 2. c4 dxc4 3. Nf3 Nf6 4. e3 e6 5. Bxc4 c5 6. O-O a6 7. dxc5 Bxc5 8. Qxd8+ Kxd8 9. Ne5 {D27: Queen's Gambit Accepted: Classical main line: 7 e4!? and 7 a4} (9. Be2 Ke7 10. Nbd2 Nc6 11. b3 Rd8 12. Bb2 b6 13. a3 a5 14. Rfc1 Bb7 15. Bxf6+ gxf6 16. Ne4 Bd6 17. Nxd6 Rxd6 18. Kf1 {½-½ (33) So,W (2810)-Caruana,F (2807) Saint Louis 2017}) 9... Ke7 10. Be2 Nbd7 11. Nc4 b6 12. Nc3 a5 13. Na4 {LiveBook: 6 Games} Ba6 14. Nxc5 Nxc5 15. b3 Nd5 16. Bb2 f6 {[#]} 17. Rfc1 $146 Rab8 18. Bd4 $36 {[%mdl 2048] Threatens to win with Nxb6! White fights for an advantage.} Bxc4 19. Rxc4 Nd7 20. Rac1 b5 (20... Ne5 $142) 21. Rc6 $16 Nb4 (21... Rhd8 $16 22. Kf1 e5) 22. Rc7 $18 Nxa2 (22... Na6 $142) 23. Ra1 Nb4 {[#]} 24. Rxa5 (24. Bc5+ $1 $18 Kd8 25. Bd6) 24... Nd5 $16 25. Rca7 {And now Bc5+ would win.} Rhc8 26. g3 Rc1+ 27. Kg2 Nc7 28. Bd3 Kd6 29. Bxh7 e5 (29... b4 $16 30. Bd3 Rd1) 30. Bb2 $18 Rd1 31. Bf5 Nc5 $2 {[#]} (31... b4 32. h4 Nb6) 32. Ba3 b4 33. Rxc5 Kxc5 34. Rxc7+ Kb5 35. Bc1 {White is clearly winning.} Ra8 36. e4 Rd3 {If only Black now had time for ...Rc3....} 37. Rb7+ Ka5 38. Be6 Rc3 39. Bd2 Rc2 40. Bxb4+ Ka6 41. Rxg7 Rb8 42. Be7 {Precision: White = 72%, Black = 38%.} 1-0

[Event "SVK ECo-C Extraliga 2018-19"]
[Site "Slovakia"]
[Date "2019.02.17"]
[Round "6.4"]
[White "Haring, Filip"]
[Black "Bokros, Albert"]
[Result "0-1"]
[WhiteElo "2286"]
[BlackElo "2454"]
[Annotator "RC"]
[PlyCount "134"]
[EventDate "2018.11.10"]
[EventType "team-tourn"]
[EventCountry "SVK"]
[SourceTitle "playchess.com"]
[Source "ChessBase"]
[SourceQuality "1"]
[WhiteTeam "Liptovska"]
[BlackTeam "Streda"]
[TimeControl "40/5400+30:1800+30"]

1. e4 {[%emt 0:00:00]} c5 {[%emt 0:00:00]} 2. Nf3 {[%emt 0:00:00]} e6 {[%emt 0:00:54]} 3. d4 {[%emt 0:00:23]} cxd4 {[%emt 0:00:07]} 4. Nxd4 {[%emt 0:00:12]} a6 {[%emt 0:00:26]} 5. c4 {[%emt 0:01:54]} Qc7 {[%emt 0:01:42]} 6. Nc3 {[%emt 0:00:28]} Nf6 {[%emt 0:01:11]} 7. Be2 {[%emt 0:06:09]} b6 {[%emt 0:01:54]} 8. O-O {[%emt 0:01:15]} Bb7 {[%emt 0:06:47]} 9. f3 {[%emt 0:08:46]} Bd6 {[%emt 0:03:39]} 10. Kh1 {[%emt 0:02:39]} Be7 {[%emt 0:07:41]} 11. Be3 {[%emt 0:01:40]} O-O {[%emt 0:00:35]} 12. Rc1 {[%emt 0:01:19]} d6 {[%emt 0:00:41]} 13. Qe1 {[%emt 0:02:51]} Nbd7 {[%emt 0:04:22]} 14. Qg3 {[%emt 0:00:55]} Rfe8 {[%emt 0:01:05]} 15. Rfd1 {[%emt 0:05:20]} Bf8 {[%emt 0:05:51]} 16. b4 {[%emt 0:09:21]} Rac8 {[%emt 0:02:53]} 17. Qf2 {[%emt 0:01:00]} Qb8 {[%emt 0:06:02]} 18. a3 {[%emt 0:09:03]} Be7 {[%emt 0:08:41]} 19. Nb3 {[%emt 0:04:54]} Bd8 {[%emt 0:02:20]} 20. Na4 {[%emt 0:04:04]} Ba8 {[%emt 0:04:15]} 21. Nd4 {[%emt 0:10:15]} Bc7 {[%emt 0:02:58]} 22. Qg1 {[%emt 0:04:24]} Rcd8 {[%emt 0:05:21]} 23. Rc2 {[%emt 0:10:13]} h6 {[%emt 0:05:34]} 24. Rdc1 {[%emt 0:01:32]} Ne5 {[%emt 0:02:04]} 25. Nb3 {[%emt 0:02:48]} Nfd7 {[%emt 0:01:48]} 26. Bf2 {[%emt 0:04:43]} Ng6 {[%emt 0:01:29]} 27. Be3 {[%emt 0:01:22]} Rc8 {[%emt 0:05:49]} 28. Nd4 {[%emt 0:01:21]} Nde5 {[%emt 0:01:41]} 29. Nb3 {[%emt 0:02:26]} Nd7 {[%emt 0:04:56]} 30. Nd4 {[%emt 0:00:13]} Bd8 {[%emt 0:01:03]} 31. Qf2 {[%emt 0:01:56]} Bh4 {[%emt 0:00:50]} 32. Qf1 {[%emt 0:00:45]} Bg5 {[%emt 0:02:38]} 33. f4 {[%emt 0:01:20]} Nxf4 {[%emt 0:05:11]} 34. Bxf4 {[%emt 0:00:04]} Bxf4 {[%emt 0:00:05]} 35. Qxf4 {[%emt 0:00:03]} e5 {[%emt 0:00:06]} 36. Qf5 {[%emt 0:01:02]} exd4 {[%emt 0:01:56]} 37. Qxd7 {[%emt 0:00:04]} Bc6 {[%emt 0:00:08]} 38. Qf5 {[%emt 0:01:04]} Bxe4 {[%emt 0:01:47]} 39. Qf1 {[%emt 0:00:04]} Bxc2 {[%emt 0:01:11]} 40. Rxc2 {[%emt 0:00:05]} Re3 {[%emt 0:00:38]} 41. Nb2 {[%emt 0:31:29]} Rce8 {[%emt 0:12:42]} 42. Nd3 {[%emt 0:00:00]} Qd8 {[%emt 0:02:31]} 43. h3 {[%emt 0:00:00]} Qh4 {[%emt 0:02:47]} 44. Rd2 {[%emt 0:00:00]} R8e6 {[%emt 0:05:40]} 45. Qf5 {[%emt 0:00:00]} g6 {[%emt 0:06:20]} 46. Qg4 {[%emt 0:00:00]} Qf6 {[%emt 0:01:20]} 47. Bf3 {[%emt 0:00:00]} h5 {[%emt 0:00:45]} 48. Qf4 {[%emt 0:00:00]} Qg7 {[%emt 0:01:13]} 49. Nf2 {[%emt 0:00:34]} Qe5 {[%emt 0:00:59]} 50. Rxd4 {[%emt 0:02:51]} Rxa3 {[%emt 0:00:22]} 51. Qxe5 {[%emt 0:00:53]} dxe5 {[%emt 0:00:05]} 52. Rd8+ {[%emt 0:00:05]} Kg7 {[%emt 0:00:08]} 53. c5 {[%emt 0:01:32]} bxc5 {[%emt 0:00:17]} 54. bxc5 f5 {[%emt 0:00:29]} 55. c6 {[%emt 0:01:07]} Rc3 {[%emt 0:00:39]} 56. Rd7+ {[%emt 0:00:54]} Kf6 {[%emt 0:00:25]} 57. Bd5 {[%emt 0:00:29]} Re7 {[%emt 0:00:09]} 58. Rd6+ {[%emt 0:00:19]} Kg5 {[%emt 0:01:07]} 59. h4+ {[%emt 0:00:26]} Kf4 {[%emt 0:00:31]} 60. Rxg6 {[%emt 0:00:48]} e4 {[%emt 0:00:12]} 61. Nh3+ {[%emt 0:00:34]} Ke5 {[%emt 0:00:10]} 62. Bg8 {[%emt 0:00:25]} a5 {[%emt 0:01:14]} 63. Ng5 {[%emt 0:00:22]} a4 {[%emt 0:00:16]} 64. Nf7+ {[%emt 0:00:33]} Kf4 {[%emt 0:00:11]} 65. Nd8 {[%emt 0:00:37]} e3 {[%emt 0:01:01]} 66. Ne6+ {[%emt 0:00:29]} Ke5 {[%emt 0:00:07]} 67. Ng5 {[%emt 0:00:34]} e2 {[%emt 0:00:10]} 0-1

[Event "SVK ECo-C Extraliga 2018-19"]
[Site "Slovakia"]
[Date "2019.02.17"]
[Round "6.5"]
[White "Pacher, Milan"]
[Black "Jurcik, Marian"]
[Result "0-1"]
[WhiteElo "2446"]
[BlackElo "2462"]
[Annotator "TA"]
[PlyCount "73"]
[EventDate "2018.11.10"]
[EventType "team-tourn"]
[EventCountry "SVK"]
[SourceTitle "playchess.com"]
[Source "ChessBase"]
[SourceQuality "1"]
[WhiteTeam "Slovan"]
[BlackTeam "Zilina"]

{[%evp 9,73,27,27,32,32,0,19,-29,-33,-31,-31,-27,-11,-18,-18,-64,-58,-91,-85,-98,-79,-153,-148,-160,-141,-209,-192,-196,-186,-173,-158,-164,-149,-188,-123,-121,-125,-145,-138,-119,-120,-252,-112,-370,-217,-519,-520,-467,-419,-522,-524,-521,-521,-840,-832,-871,-499,-1712,-1659,-775,-689,-29981,-29982,-29981,-29981,-29988]} 1. d4 d5 2. c4 e6 3. Nc3 a6 4. cxd5 exd5 5. Nf3 Nf6 6. Bg5 {D37: Queen's Gambit Declined: 5 Bf4} Be6 7. Qc2 (7. e3 Nbd7 8. Bd3 Bd6 9. O-O c6 10. Qc2 Qc7 11. Rfe1 O-O 12. a3 Bg4 13. Bh4 Bh5 {0-1 (35) Mamedyarov,S (2817)-Maghsoodloo,P (2688) St Petersburg 2018}) 7... Nbd7 {[%cal Bb8d7,Bd7c5,Bc5a4][%mdl 32]} 8. O-O-O $146 {The position is equal.} ({Predecessor:} 8. e3 h6 9. Bh4 g5 10. Bg3 Nh5 11. Bd3 Nxg3 12. hxg3 Bg7 13. Bf5 Qf6 {0-1 (27) Mikrut,D (2406)-Heberla,B (2580) Poland 2017}) 8... Be7 9. Kb1 O-O 10. e3 c5 11. dxc5 Rc8 12. Nd4 Nxc5 13. f3 b5 {[%cal Bb7b5,Bb5b4,Bb4c3][%mdl 32]} 14. Bd3 Na4 15. Bxf6 ({White should play} 15. Bf5 Nxc3+ 16. bxc3 Bxf5 17. Nxf5) 15... Bxf6 $17 16. Bxh7+ Kh8 17. Bd3 (17. Nxe6 $17 fxe6 18. Qg6) 17... Nxc3+ $19 18. bxc3 {[#]} b4 $1 19. g4 ({Much weaker is} 19. Bxa6 Rxc3 20. Qb2 Qb6) 19... bxc3 20. Ka1 Qb6 21. Qf2 Bd7 (21... Qc5 $19 {Hoping for ...c2.} 22. Bc2 Rb8) 22. Rb1 $17 Qc5 {Threatens to win with ...c2.} 23. Bc2 Rfe8 24. Rb7 {Strongly threatening g5.} Rc7 25. Rhb1 (25. Rbb1 $17) 25... g6 (25... Rxb7 $19 {and Black stays clearly on top.} 26. Rxb7 Qa3) 26. g5 $2 {[%mdl 8192]} (26. R7b6 $17 Qe7 27. h4) 26... Bg7 (26... Rxb7 $142 27. Rxb7 Bxd4 28. exd4 Qa3) 27. f4 $2 {[#]} (27. Rxc7 {is a better chance.} Qxc7 28. f4) 27... Rxb7 $1 $19 28. Rxb7 Qc8 29. Rb1 Bxd4 30. exd4 Bf5 31. Rc1 Qc4 32. Bb3 Qd3 33. Re1 (33. Rd1 $142 c2 34. Qxc2 Qxc2 35. Bxc2 Bxc2 36. Rd2) 33... Rxe1+ 34. Qxe1 Qxd4 {( -> ...c2+)} 35. Qe5+ Qxe5 36. fxe5 d4 37. e6 {Accuracy: White = 27%, Black = 74%.} 0-1